| 000 | 00485nam a2200169Ia 4500 | ||
|---|---|---|---|
| 008 | 220531s9999 xx 000 0 und d | ||
| 041 | _amar | ||
| 100 |
_aकुलकर्णी दत्ता. जी. _933492 |
||
| 245 | _aमहाराष्ट्रातील पर्यटन | ||
| 250 | _a1ST | ||
| 260 |
_bDastane Company _c1992 |
||
| 300 | _a34 | ||
| 542 | _d09-10-1994 | ||
| 650 |
_aGeography _933493 |
||
| 906 |
_d1994-1995 _f4026 |
||
| 999 |
_c20737 _d20737 |
||